000 00725nam a2200205Ia 4500
003 OSt
005 20260603142410.0
008 210210b1999 xxu||||| |||| 00| 0 eng d
040 _cAL
041 _aKannada
082 _a158.1K UDAY
100 _aUDAYAKUMAR HABBU.
_dಉದಯಕುಮಾರ್ ಹಬ್ಬು
_9265153
245 _aYashasvi jivanada rahasya.
_bಯಶಸ್ವಿ ಜೀವನದ ರಹಸ್ಯ
260 _aKinnigoli
_bAnanta Pratibha Prakashana
_c1999
300 _aiv,127
650 _a ವ್ಯಕ್ತಿತ್ವ ವಿಕಸನ ಮತ್ತು ಸ್ವ-ಅಭಿವೃದ್ಧಿ (Self-Development)
_9265155
690 _aApplied Psychology
_9265154
906 _a054489
942 _2ddc
_cBK
999 _c102290
_d102290